Every fish in Fisch (Ancient Isle Update) - Statistics

General Stats
  • This quiz has been taken 85 times
    80 since last reset
  • The average score is 30 of 259
Answer Stats
Area Fish % Correct
Ancient Isle Megalodon
70%
Vertigo Rubber Ducky
46%
Frightful Pool Nessie
39%
The Ocean Colossal Squid
37%
The Ocean Salmon
37%
Ancient Isle Ancient Megalodon
35%
Ancient Isle Mosasaurus
35%
Vertigo The Depths Key
35%
The Ocean Whale Shark
35%
The Depths Ancient Depth Serpent
33%
The Ocean Great White Shark
33%
Vertigo Isonade
33%
Mushgrove Swamp Alligator
30%
Forsaken Shores Captain's Goldfish
30%
Anywhere Driftwood
30%
The Depths Mutated Shark
30%
The Ocean Cod
28%
Desolate Deep Sea Mine
28%
Anywhere Rock
26%
Moosewood Sockeye Salmon
26%
The Ocean Pufferfish
25%
Anywhere Bait Crate
23%
The Ocean Mythic Fish
23%
Ancient Isle Phantom Megalodon
23%
The Depths Ancient Eel
21%
The Ocean Crab
21%
Anywhere Enchant Relic
21%
Ancient Isle Ginsu Shark
21%
Roslit Bay Manta Ray
21%
The Depths Sea Snake
21%
Terrapin Island Sea Turtle
21%
Roslit Bay Squid
21%
Anywhere Boot
19%
The Ocean Bull Shark
19%
Anywhere Common Crate
19%
Roslit Volcano Molten Banshee
19%
The Ocean Moonfish
19%
Vertigo Night Shrimp
19%
Anywhere Seaweed
19%
Sunstone Island Sunfish
19%
Forsaken Shores Golden Seahorse
18%
Moosewood Goldfish
18%
Mushgrove Swamp Handfish
18%
Anywhere Log
18%
Roslit Bay Pearl
18%
The Ocean Sea Pickle
18%
The Ocean Swordfish
18%
Moosewood Trout
18%
The Ocean Bluefin Tuna
16%
Roslit Bay Clam
16%
The Ocean Dolphin
16%
The Ocean Great Hammerhead Shark
16%
The Ocean Lobster
16%
The Ocean Mullet
16%
Moosewood Pike
16%
The Ocean Sardine
16%
The Ocean Sawfish
16%
Brine Pool Spectral Serpent
16%
Moosewood Whisker Bill
16%
Roslit Bay Aurora Pearl
14%
The Depths Barreleye Fish
14%
Roslit Volcano Basalt
14%
Ancient Isle Dunkleosteus
14%
Desolate Deep Emperor Jellyfish
14%
Anywhere Fish Barrel
14%
Snowcap Island Glacierfish
14%
The Depths Goblin Shark
14%
Roslit Bay Golden Sea Pearl
14%
Snowcap Island Ice
14%
Moosewood Largemouth Bass
14%
The Ocean Nurse Shark
14%
Anywhere Quality Bait Crate
14%
The Ocean Sailfish
14%
The Depths Scrap Metal
14%
The Ocean Stingray
14%
Anywhere Tire
14%
Keepers Altar Umbral Shark
14%
Desolate Deep/Keeper's Altar Void Wood
14%
Vertigo Abyssacuda
12%
Roslit Bay Alligator Gar
12%
Moosewood Anchovy
12%
Ancient Isle Ancient Fragment
12%
Sunstone Island Ancient Wood
12%
Roslit Bay Angelfish
12%
Ancient Isle Anomalocaris
12%
Roslit Bay Axolotl
12%
Brine Pool Bone
12%
Moosewood Carp
12%
The Depths Depth Octopus
12%
Ancient Isle Helicoprion
12%
Snowcap Island Moon Wood
12%
The Depths Nautilus
12%
The Ocean Oarfish
12%
Ancient Isle Onychodus
12%
Ancient Isle Piranha
12%
The Ocean Scallop
12%
The Ocean Shrimp
12%
Vertigo Spiderfish
12%
Ancient Isle Starfish
12%
Sunstone Island Trumpetfish
12%
Roslit Volcano Volcanic Geode
12%
Sunstone Island Voltfish
12%
Ancient Isle Xiphactinus
12%
Moosewood Yellowfin Tuna
12%
Desolate Deep Barbed Shark
11%
Anywhere Carbon Crate
11%
Mushgrove Swamp Catfish
11%
Roslit Bay Clownfish
11%
Desolate Deep Coral Geode
11%
Roslit Bay Dumbo Octopus
11%
Moosewood Eel
11%
Ancient Isle Floppy
11%
Moosewood Flounder
11%
The Ocean Flying Fish
11%
Desolate Deep Midnight Axolotl
11%
Roslit Bay Minnow
11%
Sunstone Island Napoleonfish
11%
Moosewood Red Snapper
11%
The Ocean Sea Bass
11%
Terrapin Island Smallmouth Bass
11%
The Depths Spider Crab
11%
Anywhere Turkey
11%
Vertigo Twilight Eel
11%
Sunstone Island Wiifish
11%
Ancient Isle Acanthodii
9%
Ancient Archives Amblypterus
9%
Roslit Bay Arapaima
9%
Ancient Isle Cladoselache
9%
Ancient Isle Cobia
9%
The Depths Deep-sea Dragonfish
9%
The Depths Deep-sea Hatchetfish
9%
The Depths Destroyed Fossil
9%
Keepers Altar Keepers Guardian
9%
Sunstone Island Mahi Mahi
9%
Roslit Volcano Obsidian Swordfish
9%
Terrapin Island Olm
9%
Roslit Bay Ribbon Eel
9%
Ancient Isle Ruby
9%
Frightful Pool Skelefish
9%
The Depths Small Spine Chimera
9%
Vertigo Voidfin Mahi
9%
Moosewood Whiptail Catfish
9%
Ancient Isle Amethyst
7%
The Ocean Anglerfish
7%
Ancient Archives Birgeria
7%
The Depths Black Dragon Fish
7%
Roslit Bay Blue Tang
7%
Moosewood Bream
7%
Brine Pool Brine Shrimp
7%
Roslit Bay Butterflyfish
7%
Terrapin Island Chinook Salmon
7%
Forsaken Shores Corsair Grouper
7%
The Ocean Crown Bass
7%
Roslit Volcano Ember Perch
7%
Sunstone Island Glassfish
7%
Terrapin Island Golden Smallmouth Bass
7%
Mushgrove Swamp Grey Carp
7%
Ancient Isle Hyneria
7%
Ancient Isle Lapis Lazuli
7%
Ancient Archives Lepidotes
7%
Sunstone Island Longtail Bass
7%
The Depths Luminescent Minnow
7%
Ancient Isle Moonstone
7%
The Ocean Mussel
7%
Roslit Volcano Obsidian Salmon
7%
Ancient Isle Opal
7%
The Ocean Oyster
7%
Roslit Bay Perch
7%
Ancient Archives Phanerorhynchus
7%
Desolate Deep Phantom Ray
7%
Snowcap Island Pond Emperor
7%
Roslit Bay Pumpkinseed
7%
Snowcap Island Red Drum
7%
Roslit Bay Rose Pearl
7%
Moosewood Snook
7%
Sunstone Island Sweetfish
7%
Roslit Bay Yellow Boxfish
7%
The Ocean Amberjack
5%
Desolate Deep Banditfish
5%
Snowcap Island Blackfish
5%
Snowcap Island Bluegill
5%
Brine Pool Brine Phantom
5%
Sunstone Island Chinfish
5%
Desolate Deep Cockatoo Squid
5%
Forsaken Shores Cursed Eel
5%
Forsaken Shores Cutlass Fish
5%
Roslit Bay Deep Pearl
5%
Brine Pool Dweller Catfish
5%
Roslit Volcano Ember Snapper
5%
Vertigo Fangborn Gar
5%
The Depths Frilled Shark
5%
Roslit Bay Gilded Pearl
5%
Ancient Isle Hallucigenia
5%
Keepers Altar Lapisjack
5%
Frightful Pool Lurkerfish
5%
The Ocean Mackerel
5%
Mushgrove Swamp Marsh Gar
5%
Roslit Bay Mauve Pearl
5%
Keepers Altar Pale Tang
5%
The Ocean Porgy
5%
Roslit Volcano Pyrogrub
5%
The Ocean Rabbitfish
5%
Forsaken Shores Reefrunner Snapper
5%
Snowcap Island Ringle
5%
Desolate Deep Rockstar Hermit Crab
5%
Forsaken Shores Scurvy Sailfish
5%
Snowcap Island Skipjack Tuna
5%
Desolate Deep Stalactite
5%
Roslit Bay Suckermouth Catfish
5%
The Depths Three-eyed Fish
5%
Frightful Pool Zombiefish
5%
Snowcap Island Arctic Char
4%
The Ocean Barracuda
4%
Keepers Altar Bluefish
4%
Forsaken Shores Buccaneer Barracuda
4%
Snowcap Island Burbot
4%
Roslit Bay Chub
4%
The Ocean Coelacanth
4%
The Ocean Cookiecutter Shark
4%
Ancient Isle Deep Sea Fragment
4%
Ancient Isle Earth Fragment
4%
Mushgrove Swamp Fungal Cluster
4%
Forsaken Shores Galleon Goliath
4%
Brine Pool Gazerfish
4%
Snowcap Island Glacier Pike
4%
Brine Pool Globe Jellyfish
4%
Snowcap Island Grayling
4%
Terrapin Island Gudgeon
4%
The Ocean Haddock
4%
The Ocean Halibut
4%
Snowcap Island Herring
4%
Desolate Deep Horseshoe Crab
4%
Roslit Volcano Inferno Wood
4%
Terrapin Island King Oyster
4%
Snowcap Island Lingcod
4%
Roslit Volcano Magma Tang
4%
Ancient Archives Palaeoniscus
4%
Snowcap Island Pollock
4%
The Ocean Prawn
4%
Terrapin Island Redeye Bass
4%
Sunstone Island Red Tang
4%
The Ocean Sand Dollar
4%
The Ocean Sea Urchin
4%
Forsaken Shores Shipwreck Barracuda
4%
Forsaken Shores Shortfin Mako Shark
4%
Desolate Deep Slate Tuna
4%
Ancient Isle Solar Fragment
4%
Snowcap Island Sturgeon
4%
Mushgrove Swamp Swamp Bass
4%
Mushgrove Swamp Swamp Scallop
4%
Terrapin Island Walleye
4%
Terrapin Island White Bass
4%
Mushgrove Swamp White Perch
4%
Mushgrove Swamp Bowfin
2%
Frightful Pool Candy Fish
2%
Ancient Archives Diplurus
2%
Frightful Pool Ghoulfish
2%
Mushgrove Swamp Mushgrove Crab
2%
Ancient Isle Leedisichthys
0%
No matching quizzes found
Score Distribution
Percent of People with Each Score
Percentile by Number Answered
Your Score History
You have not taken this quiz since the last reset